书目信息 |
| 题名: |
百年之结
|
|
| 作者: | 肖元恺 著 | |
| 分册: | ||
| 出版信息: | 北京 人民出版社 2001.10 |
|
| 页数: | 394页 | |
| 开本: | 20cm | |
| 丛书名: | ||
| 单 册: | ||
| 中图分类: | D827.58 | |
| 科图分类: | ||
| 主题词: | 中外关系--台湾 | |
| 电子资源: | ||
| ISBN: | 7-01-003382-X | |
| 000 | 00717nam0 2200205 45 | |
| 001 | 0211060950 | |
| 005 | 20041119113931.9 | |
| 010 | @a7-01-003382-X@dCNY22.00 | |
| 100 | @a20021106d2001 km y0chiy0120 ea | |
| 101 | 0 | @achi |
| 105 | @a z 000yy | |
| 200 | 1 | @a百年之结@ABai Nian Zhi Jie@e美国与中国台湾地区关系的历史透视@EMei Guo Yu Zhong Guo Tai Wan Di Qu Guan Xi De Li Shi Tou Shi@f肖元恺著@FXiao YuanKai Zhu |
| 210 | @a北京@c人民出版社@d2001.10 | |
| 215 | @a394页@d20cm | |
| 517 | 1 | @a美国与中国台湾地区关系的历史透视@AMei Guo Yu Zhong Guo Tai Wan Di Qu Guan Xi De Li Shi Tou Shi |
| 606 | 0 | @a中外关系@x台湾 |
| 690 | @aD827.58@v4 | |
| 701 | 0 | @a肖元恺@4著 |
| 801 | @aCN@bTSTC@c20021106 | |
| 905 | @dD827.58@e64 | |
| 百年之结:美国与中国台湾地区关系的历史透视/肖元恺著.-北京:人民出版社,2001.10 |
| 394页;20cm |
| ISBN 7-01-003382-X:CNY22.00 |
| ● |
| 相关链接 |
|
|
|
|
正题名:百年之结
索取号:D827.58/64
 
预约/预借
| 序号 | 登录号 | 条形码 | 馆藏地/架位号 | 状态 | 备注 |
| 1 | 0316974 | 203169748 | 第一借阅区/ [索取号:D827.58/64] | 在馆 | |
| 2 | 0316975 | 203169757 | 第一借阅区/ [索取号:D827.58/64] | 在馆 | |
| 3 | 0316976 | 203169766 | 第一借阅区/ [索取号:D827.58/64] | 在馆 | |
| 4 | 0316977 | 203169775 | 第一借阅区/ [索取号:D827.58/64] | 在馆 | |
| 5 | 0316978 | 203169784 | 第一样本阅览室/ [索取号:D827.58/64] | 在馆 |